000
00232nam a22001097a 4500
999
_c
171537
_d
171537
082
_a
_b
100
_a
Bhishu Dharma Rashith
245
_a
Dharmapath/
_c
by Bhishu Dharma Rashith.
260
_a
_b
_c
650
_a
942
_c
BK